000 00848nam a22002537a 4500
005 20170123162304.0
010 _aA-373037
020 _c50.00
035 _aA-373037
037 _bCen Lib/Ret
040 _aDPL
_bUR
082 _a841.08
_bا ی م
100 _aایم کملددیں
_9108592
245 _aفقیدہ کا فن اور اردو قصیدہ نگاری /
_cایم کملددیں
246 _aQaseeda ka fan aur urdu qaseedangari /
_bby M. Kamaluddin
260 _aدربھنگا
_bدربھنگا بک ہاؤس
_c1988
270 _bدربھنگا
_aقلہ گھات
300 _a256p.
_c20cm(Hb)
650 _aاردو ادب
_9108593
650 _aاردو شیعاری
_9108594
650 _aUrdu litarature
_9108595
650 _aUrdu poetry
_9108596
942 _2ddc
_cUR
_h841.08
_mا ی م
999 _c106181
_d106181